| 000 | 00739nam a22002057a 4500 | ||
|---|---|---|---|
| 005 | 20150706104053.0 | ||
| 010 | _aENG-113321 | ||
| 020 |
_c895.00 _a0198090579 |
||
| 020 |
_c895.00 _a9780198090571 |
||
| 035 | _aEN-96853 | ||
| 037 | _bDBAD/PUB | ||
| 082 | _a954.1 | ||
| 100 | _aCederlof, Gunnel | ||
| 245 |
_aFounding an empire on India's north-eastern frontiers 1790-1840 : _cby Gunnel Cederlof _bclimate, commerce, poloty / |
||
| 260 |
_aNew Delhi _bOxford University Press _c2014 |
||
| 270 |
_aYMCA Library Building, 1 Jai Singh Road, _bNew Delhi _e110001 |
||
| 300 |
_axiii,272p. : _c23cm(Hb) _bmaps |
||
| 500 | _a Includes bibliographical references (pages 249-264) and index. | ||
| 942 |
_2ddc _cEN _mCED _h954.1 |
||
| 999 |
_c94460 _d94460 |
||